| 000 | 00658nam a2200205Ia 4500 | ||
|---|---|---|---|
| 003 | GCL | ||
| 008 | 140319s9999 xx 000 0 ara d | ||
| 040 |
_aGCL / _cGCL |
||
| 082 | 0 | 4 |
_aق _b910.09 _bم ك |
| 100 | 1 | _aالمقدسى البشارى | |
| 245 | 1 | 0 |
_aكتاب احسن التقاسيم فى معرفة الاقاليم / _cالمقدسى البشارى |
| 260 |
_a[S.N] : _bمكتبة مدبولى ، _c1991 |
||
| 300 | _a498 ص | ||
| 490 | _a | ||
| 650 | 0 | 4 | _aالعالم القديم |
| 650 | 0 | 4 | _aالجغرافيا التاريخية |
| 650 | 0 | 4 | _aالرحالة العرب |
| 650 | 0 | 4 | _aالعالم الاسلامى |
| 942 |
_2ddc _cBK |
||
| 999 |
_c58751 _d58751 |
||